[Event "Bundesliga 9596"]
[Site "Germany"]
[Date "1996.??.??"]
[Round "?.5"]
[White "Stangl, Markus"]
[Black "Pichler, Juergen"]
[Result "1/2-1/2"]
[WhiteElo "2565"]
[BlackElo "2420"]
[PlyCount "137"]
[EventDate "1995.10.14"]
[EventType "team-tourn"]
[EventRounds "15"]
[EventCountry "GER"]
[SourceTitle "GER-chT"]
[Source "ChessBase"]
[SourceDate "1999.07.01"]
[SourceVersion "1"]
[SourceVersionDate "1999.07.01"]
[SourceQuality "1"]
[WhiteTeam "Koeln Porz"]
[BlackTeam "Passau"]
[WhiteTeamCountry "GER"]
[BlackTeamCountry "GER"]

1. c4 Nf6 2. Nf3 e6 3. g3 b6 4. Bg2 Bb7 5. 0-0 Be7 6. Nc3 0-0 7. Re1 d5 8. cxd5 Nxd5 9. e4 Nxc3 10. bxc3 c5 11. d4 Nd7 12. Bf4 cxd4 13. cxd4 Rc8 14. d5 exd5 15. exd5 Bf6 16. Rc1 Rxc1 17. Bxc1 Qa8 18. Ng5 h6 19. Ne4 Be5 20. Ba3 Rd8 21. f4 Bf6 22. Nxf6+ Nxf6 23. Be7 Rxd5 24. Bxd5 Nxd5 25. Bd6 Qd8 26. Be5 Qd7 27. Qd2 Qc6 28. Rc1 Qg6 29. Qc2 Qg4 30. Re1 Qd7 31. a3 Bc6 32. Qc4 Bb7 33. Bb2 Bc6 34. Qd4 f6 35. Qc4 Kh8 36. Kf2 Kg8 37. Ba1 Kh8 38. Qe4 Nc7 39. Qd4 Nd5 40. Qc4 Bb7 41. Qe4 Qd6 42. Bd4 Qxa3 43. Bxf6 Nxf6 44. Qxb7 h5 45. Qc8+ Kh7 46. Qc2+ Kh8 47. h3 h4 48. Qc8+ Kh7 49. Qf5+ Kg8 50. gxh4 Qb2+ 51. Re2 Qd4+ 52. Kg2 a5 53. Rc2 a4 54. h5 a3 55. Rc8+ Kf7 56. Rc7+ Kg8 57. Rc8+ Kf7 58. Qc2 Qd5+ 59. Kh2 Nxh5 60. Qc7+ Kg6 61. Qxb6+ Kh7 62. Qb1+ g6 63. Qc1 Qf3 64. Qc7+ Ng7 65. Qa7 Qxf4+ 66. Kg2 Qg5+ 67. Kh2 Qd2+ 68. Kg1 Qg5+ 69. Kh2 1/2-1/2

[Event "Bundesliga 9596"]
[Site "Germany"]
[Date "1995.??.??"]
[Round "?.5"]
[White "Pichler, Juergen"]
[Black "Reefschlaeger, Helmut"]
[Result "1/2-1/2"]
[WhiteElo "2420"]
[BlackElo "2370"]
[PlyCount "34"]
[EventDate "1995.10.14"]
[EventType "team-tourn"]
[EventRounds "15"]
[EventCountry "GER"]
[SourceTitle "GER-chT"]
[Source "ChessBase"]
[SourceDate "1999.07.01"]
[SourceVersion "1"]
[SourceVersionDate "1999.07.01"]
[SourceQuality "1"]
[WhiteTeam "Passau"]
[BlackTeam "Delmenhorst"]
[WhiteTeamCountry "GER"]
[BlackTeamCountry "GER"]

1. e4 e6 2. d4 d5 3. Nd2 Nf6 4. e5 Nfd7 5. c3 c5 6. f4 Nc6 7. Ndf3 cxd4 8. cxd4 h5 9. Bd3 Nb6 10. Ne2 g6 11. Kf2 Bd7 12. a3 a5 13. Qg1 a4 14. g4 Nc4 15. f5 Qb6 16. Bxc4 dxc4 17. fxg6 fxg6 1/2-1/2

[Event "Cappelle op 09th"]
[Site "Cappelle la Grande"]
[Date "1993.??.??"]
[Round "9"]
[White "Pichler, Juergen"]
[Black "Bouhallel, Rabah"]
[Result "1/2-1/2"]
[WhiteElo "2425"]
[BlackElo "2245"]
[PlyCount "97"]
[EventDate "1993.02.??"]
[EventType "swiss"]
[EventRounds "9"]
[EventCountry "FRA"]
[SourceTitle "TD"]
[Source "ChessBase"]
[SourceDate "1994.03.01"]
[SourceVersion "1"]
[SourceVersionDate "1994.03.01"]
[SourceQuality "1"]

1. d4 Nf6 2. Nf3 e6 3. c4 c5 4. d5 exd5 5. cxd5 d6 6. Nc3 g6 7. e4 Bg7 8. h3 0-0 9. Bd3 a6 10. a4 Nbd7 11. 0-0 Re8 12. Bf4 c4 13. Bc2 Qc7 14. Bh2 Rb8 15. Re1 h6 16. Qd2 Nh7 17. Kh1 Qc5 18. a5 b5 19. axb6 Qxb6 20. Rab1 g5 21. Nd1 Qc7 22. Ba4 Rb6 23. Nd4 Nhf6 24. Nc3 Nc5 25. Bxe8 Nxe8 26. Nf5 Bxf5 27. exf5 Nf6 28. Re3 Qb7 29. Qc2 Nd3 30. b3 Nb4 31. Qe2 cxb3 32. Rxb3 Nbxd5 33. Rxb6 Nxb6 34. Bxd6 Qd7 35. Bc5 Na4 36. Re7 Nxc3 37. Rxd7 Nxe2 38. Ra7 Ne4 39. Bb6 Bd4 40. Bxd4 Nxd4 41. Rxa6 Kg7 42. Ra4 Nxf2+ 43. Kg1 Nxh3+ 44. gxh3 Nxf5 45. Kg2 Kg6 46. Ra6+ f6 47. Kf3 h5 48. Rb6 Nh6 49. Ra6 1/2-1/2